Dilema verejných statkov: experimentálne metódy bakalárska práca

Guardado en:
Detalles Bibliográficos
Autor principal: Schwartz, Pavol
Autor Corporativo: Národohospodárska fakulta EU. Katedra financií
Otros Autores: Petkov, Martin
Formato: Libro
Lenguaje:eslovaco
Publicado: Bratislava 2013
Etiquetas: Agregar Etiqueta
Sin Etiquetas, Sea el primero en etiquetar este registro!

MARC

LEADER 00000nbm a2200000 4500
001 0172462
005 20161109112054.0
041 0 |a slo 
044 |a SK 
245 1 0 |a Dilema verejných statkov: experimentálne metódy  |b bakalárska práca  |c Pavol Schwartz ; školiteľ: Martin Petkov 
264 1 |a Bratislava  |c 2013 
300 |a 49 s. 
100 1 |a Schwartz, Pavol 
700 1 |a Petkov, Martin 
710 2 |a Národohospodárska fakulta EU. Katedra financií